000 00438cam a22001217a 4500
008 180718b1954 xxu||||| |||| 00| 0 eng d
082 _aP400x73 G163
100 _aGarber, L.O.
245 _aHandbook of school law for school administrators, teachers and members of boards of education
_cby L.O. Garber
260 _aNew London
_bArthur C. Croft
_c1954
300 _a165p.
650 _aEducational law and legislation --United States --States
999 _c366365
_d366365